000 00664nam a2200253Ia 4500
005 20260121154812.0
008 008 260114s9999 xx 000 0 eng d
020 _a9781003176176
037 _aEBOOK
040 _aCRL
040 _beng
040 _cCRL
041 _2eng
041 _aeng
084 _qCRL
100 _a William E. Montague; Marshall J. Farr; Pat-Anthony Federico; Richard E. Snow
_91011667
245 0 _aAptitude, Learning and Instruction
260 _bTaylor and Francis
260 _c2021
856 _uhttp://www.taylorfrancis.com/books/9781003176176
942 _cEBOOK
999 _c1578486
_d1578486